000 00412nam a2200157Ia 4500
008 180921t1971 xxu||||| |||| 00| 0 eng d
041 _aeng
080 _a639(794)
_b
100 _aFrey, Herbert W.
_eed.
245 _aCalifonia's living marine reseorees and their utilization
260 _b
_c1971
300 _a147p., ill., 30 cm
942 _cBK
999 _c19574
_d19574
003 LK-CoDNM
040 _aLK-CoDNM
_dLK-CoDNM
_eLK-CoDNM